000 00649nam a2200205 u 4500
005 20210223133845.0
008 190807s2007 es r 000 0 spa d
020 _a9788467517927
035 _aUPN01000231866
049 _aI
050 4 _aDT549.8
_bH4.3
100 1 _aHervieu-Wane, Fabrice
_943142
245 1 0 _aHoy día en Senegal /
_cFabrice Hervieu-Wane ; il. de Aurélia Fronty ; tr. William McGrath.
260 _aMadrid :
_bSM,
_c2007.
300 _a[43] p. :
_bil. col.
440 3 _aEl diario de un niño ;
_v2
651 4 _aSENEGAL -
_xVIDA SOCIAL Y COSTUMBRES -
_vLITERATURA JUVENIL
_927756
905 _aInfantil
999 _c203961
_d203961